Differential equations, chaos and variational problems (Record no. 132678)
[ view plain ]
| 000 -LEADER | |
|---|---|
| fixed length control field | 01391nam a2200337Ia 4500 |
| 245 00 - TITLE STATEMENT | |
| Title | Differential equations, chaos and variational problems |
| 260 ## - PUBLICATION, DISTRIBUTION, ETC. (IMPRINT) | |
| Place of publication | Boston ; |
| -- | Basel : |
| Name of publisher | Birkhauser, |
| Year of publication | 2008. |
| 300 ## - PHYSICAL DESCRIPTION | |
| Number of Pages | xiii, 435 p. : |
| Other physical details | ill. |
| 490 1# - SERIES STATEMENT | |
| Series statement | Progress in nonlinear differential equations and their applications ; |
| 650 #0 - SUBJECT ADDED ENTRY--TOPICAL TERM | |
| Topical Term | Differential equations. |
| Topical Term | Calculus of variations. |
| Topical Term | Chaotic behavior in systems. |
| 700 1# - ADDED ENTRY--PERSONAL NAME | |
| Personal name | Staicu, Vasile. |
| 856 40 - ELECTRONIC LOCATION AND ACCESS | |
| Uniform Resource Identifier | http://site.ebrary.com/lib/rucke/Doc?id=10223272 |
No items available.
